000 00675nam a22002057a 4500
999 _c64
_d64
003 AR-CdUCM
008 190221b ||||| |||| 00| 0 spa d
040 _aMUNICIPALIDAD PROVINCIAL DEL CUSCO
_cBIBLIOTECA MUNICIPAL DEL CUSCO
082 _a869.56 /
_bH87
100 _aHuerta Flores, Victor
_9307
245 _aEl baile de la ninfas /
260 _aLima :
_bLumen ,
_c1988.
300 _a148 páginas ;
_c20 cm.
505 _aEl baile de la ninfas -- Marcapasos -- Viada y agonía de Huaranin -- las cosas.
650 _aObra literaria.
_9308
650 _aLiteratura Nacional.
_9309
650 _aLiteratos de Ancash.
_9310
942 _2ddc
_cLIBROS
945 _awfj
_d2019-02-21